|
|
|
|
| LEADER |
01293nam a22002777a 4500 |
| 001 |
366222 |
| 003 |
BD-DhAAL |
| 005 |
20250622094613.0 |
| 008 |
211202t2004 bg a|||| b||| 00| 0 eng d |
| 020 |
|
|
|a 9843218844
|
| 040 |
|
|
|a BD-DhAAL
|
| 082 |
|
|
|a 370.95492
|
| 245 |
|
|
|a School education :
|b learning from successful school in Bangladesh /
|c National academy for educational management (NAEM); Brac research and evaluation division.
|
| 260 |
|
|
|a Dhaka :
|b National academy for educational management (NAEM);
|b Brac research and evaluation division,
|c 2004.
|
| 300 |
|
|
|a 83 pages :
|b illustrations ;
|c 22 cm.
|
| 500 |
|
|
|a Proceeding of a national seminar
|
| 504 |
|
|
|a Includes bibliographical references.
|
| 526 |
|
|
|a BIED
|
| 541 |
|
|
|a Complimentary copy from BIED
|e 36222
|
| 650 |
|
|
|a Education
|x Aims and objectives
|z Bangladesh.
|9 43454
|
| 710 |
|
|
|a National academy for educational management (NAEM).
|9 43455
|
| 710 |
|
|
|a BRAC research and evaluation division.
|9 43456
|
| 852 |
|
|
|a Ayesha Abed Library
|c BIED Collection
|
| 942 |
|
|
|2 ddc
|c BK
|
| 999 |
|
|
|c 43348
|d 43348
|
| 952 |
|
|
|0 0
|1 0
|2 ddc
|4 0
|6 370_954920000000000_SCH
|7 0
|9 69540
|a BRACUL
|b BRACUL
|c GEN
|d 2021-12-02
|e Complimentary copy from BIED
|l 0
|o 370.95492 SCH
|p 3010036222
|r 2021-12-02
|t 1
|w 2021-12-02
|y BK
|x Transferred from BIED to General Stacks
|